Introduction to atomic physics / (Record no. 7624)
[ view plain ]
| 000 -LEADER | |
|---|---|
| fixed length control field | 00546cam a2200229ua 4500 |
| 041 ## - LANGUAGE CODE | |
| Language code of text/sound track or separate title | eng |
| 082 ## - DEWEY DECIMAL CLASSIFICATION NUMBER | |
| Classification number | 539.7 |
| Item number | SYE/IN |
| 100 ## - MAIN ENTRY--AUTHOR NAME | |
| Personal name | Syed, Yakub . |
| 245 ## - TITLE STATEMENT | |
| Title | Introduction to atomic physics / |
| 250 ## - EDITION STATEMENT | |
| Edition statement | 2 / |
| 260 ## - PUBLICATION, DISTRIBUTION, ETC. (IMPRINT) | |
| Place of publication | Madras : |
| Name of publisher | Central Art press , |
| Year of publication | 1961. |
| 300 ## - PHYSICAL DESCRIPTION | |
| Number of Pages | 126 ; . |
| 700 1# - ADDED ENTRY--PERSONAL NAME | |
| Personal name | Manikkam, J.P . |
| 942 ## - ADDED ENTRY ELEMENTS (KOHA) | |
| Koha item type | Books |
| Withdrawn status | Lost status | Damaged status | Home library | Current library | Date acquired | Cost, normal purchase price | Full call number | Accession Number | Koha item type | Public note |
|---|---|---|---|---|---|---|---|---|---|---|
| Withdrawn | KAUAET | KAUAET | 07/04/2012 | 2.50 | 539.7 | 7231 | Books | |||
| Withdrawn | KAUAET | Sanskrit University | 07/04/2012 | 2.50 | 539.7 | 7230 | Books | Transferred to Sanskrit University | ||
| Withdrawn | KAUAET | Sanskrit University | 07/04/2012 | 2.50 | 539.7 | 7233 | Books | Transferred to Sanskrit University | ||
| Withdrawn | KAUAET | Sanskrit University | 07/04/2012 | 2.50 | 539.7 | 7395 | Books | Transferred to Sanskrit University | ||
| Withdrawn | KAUAET | Sanskrit University | 19/06/2020 | 2.50 | 539.7 SYE/IN | 7232 | Books | Transferred to Sanskrit University |
